000 00704nam a2200253Ia 4500
001 12220
003 GE_BSU
008 181216s||||||||xx |||||||||||||| ||und||
020 _a9785445300977
040 _cGE_BSU
080 _a821.161.1-1
100 _aЦветаева,М.
245 _aЕсли душа радилась крылатой
245 _bСтихотворения.
245 _cОтв.ред. Антонина Балакина
260 _aСПБ
260 _bЛениздат
260 _c2013
300 _a352стр.18см.
541 _h12Л.
653 _aЕсли душа радилась крылатой
653 _aСтихотворения.
942 _cBK
999 _c45396
_d45396